101 Hunderassen - Statistiken

Allgemein
  • Dieses Quiz wurde 1.433 mal gespielt
  • Das Durchschnittsergebnis liegt bei 27 aus 101
Antwortstatistiken
Hunderasse % Korrekt
Deutscher Schäferhund
90%
Dackel
82%
Pudel
82%
Labrador Retriever
81%
Golden Retriever
77%
Dalmatiner
75%
Deutsche Dogge
74%
Bulldog
70%
Chihuahua
69%
Mops
63%
Siberian Husky
61%
Spitz
60%
Rottweiler
57%
Berner Sennenhund
56%
Beagle
54%
Dobermann
53%
Malteser
52%
Border Collie
51%
Collie
50%
Bernhardiner
47%
Epagneul
47%
Boxer
46%
Französische Bulldogge
43%
Australian Shepherd
42%
English Cocker Spaniel
40%
Irischer Wolfshund
40%
Chow-Chow
39%
Bullterrier
38%
Shiba
38%
Afghanischer Windhund
37%
Yorkshire Terrier
37%
Pinscher
36%
Belgischer Schäferhund
35%
Schnauzer
31%
Welsh Corgi
31%
Akita
30%
Neufundländer
29%
Bloodhound
28%
Rhodesian Ridgeback
25%
Basset Hound
24%
Bullmastiff
24%
Havaneser
24%
Pekingese
24%
Weimaraner
24%
Jack Russell Terrier
23%
Shi Tzu
22%
Deutsch Drahthaar/Kurzhaar
21%
Alaskan Malamute
20%
Greyhound
20%
Fox Terrier
19%
Australian Cattle Dog
18%
Irish Setter
18%
Leonberger
18%
Münsterländer
18%
West Highland White Terrier
18%
Bobtail
17%
Italienisches Windspiel
17%
Appenzeller Sennenhund
16%
Cavalier King Charles Spaniel
16%
Airedale Terrier
15%
Samojede
15%
Whippet
15%
Affenpinscher
14%
Bichon
14%
Barsoi
13%
Papillon
13%
Hovawart
12%
Shetland Sheepdog
12%
Boston Terrier
11%
Eurasier
11%
Tiroler Bracke
11%
Shar Pei
10%
Tibet Terrier
10%
Xoloitzcuintle
10%
Bolonka Zwetna
9%
Bordeauxdogge
9%
Podenco Ibicenco
9%
Pointer
9%
English Setter
8%
Saluki
8%
Basenji
7%
Bearded Collie
7%
Briard
7%
Chinese Crested Dog
7%
Otterhound
7%
Bologneser
6%
Gordon Setter
6%
Irish Terrier
6%
Komondor
6%
Scottish Terrier
6%
Australian Terrier
5%
Berger des Pyrénées
5%
Japan-Spitz
5%
Lhasa Apso
5%
Finnen-Spitz
4%
Griffon
4%
Kromfohrländer
4%
Laika
4%
Kuvasz
3%
Norfolk Terrier
3%
Prager Rattler
3%
Keine übereinstimmenden Quizze gefunden
Verteilung der Resultate
Anzahl Personen mit jedem Resultat
Perzentil nach korrekt beantworteten Fragen
Ihre Resultats-Entwicklung
Sie haben dieses Quiz noch nicht gespielt